[Event "DRUGA LIGA SRBIJE-GRUPA VOJVODINA 2018"]
[Site "Novi Sad"]
[Date "2018.11.13"]
[Round "6"]
[Board "5"]
[White "Elez, Nikola"]
[Black "Besedes, Danilo"]
[Result "0-1"]
[WhiteElo "2120"]
[BlackElo "2290"]
[PlyCount "60"]
[EventDate "2018.11.09"]
[EventType "team"]
[EventRounds "11"]
[EventCountry "SRB"]
[WhiteTeam "S.K. POLET- RASTINA"]
[BlackTeam "S.K. NAFTAGAS-ELEMIR"]

1. e4 e6 2. Nc3 d5 3. g3 Nf6 4. Bg2 Be7 5. d3 O-O 6. Nge2 d4 7. Nb5 c5 8. O-O
Nc6 9. f4 a6 10. Na3 b5 11. h3 Bb7 12. g4 Nd7 13. Ng3 Qc7 14. Qe2 Rad8 15. e5
c4 16. dxc4 b4 17. Nb1 Nc5 18. Nd2 d3 19. cxd3 Nd4 20. Qd1 Bxg2 21. Kxg2 Nxd3
22. Nde4 Qxc4 23. b3 Qb5 24. Be3 f5 25. exf6 Bxf6 26. Nxf6+ Rxf6 27. Kh2 Qc6
28. Bxd4 Rxd4 29. Nh5 Rf8 30. Rf3 Ne5  0-1

[Event "DRUGA LIGA SRBIJE-GRUPA VOJVODINA 2018"]
[Site "Novi Sad"]
[Date "2018.11.13"]
[Round "6"]
[Board "6"]
[White "Adamov, Ivan"]
[Black "Ivancevic, Bozidar"]
[Result "1/2-1/2"]
[WhiteElo "2126"]
[BlackElo "2090"]
[PlyCount "74"]
[EventDate "2018.11.09"]
[EventType "team"]
[EventRounds "11"]
[EventCountry "SRB"]
[WhiteTeam "S.K. NAFTAGAS-ELEMIR"]
[BlackTeam "S.K. POLET- RASTINA"]

1. e4 g6 2. d4 Bg7 3. f4 d6 4. Nc3 c6 5. Be3 Nf6 6. Nf3 Bg4 7. Be2 Qa5 8. O-O
O-O 9. Qe1 Na6 10. Qg3 Bxf3 11. Rxf3 c5 12. Rd1 cxd4 13. Bxd4 Nb4 14. Bd3 Nc6
15. Be3 Qb4 16. Bc1 a6 17. Kh1 b5 18. Qh4 Qc5 19. Rh3 b4 20. Nd5 h5 21. Nxf6+
Bxf6 22. Qg3 h4 23. Qe1 Kg7 24. Qf1 a5 25. Bc4 Nd4 26. Be3 Rac8 27. b3 e5 28.
Qf2 Qa7 29. f5 Qe7 30. fxg6 fxg6 31. Qd2 Rh8 32. Rf1 Rcf8 33. c3 bxc3 34. Qxc3
Qc7 35. Qd2 a4 36. Rc1 axb3 37. axb3 Rc8  1/2-1/2

[Event "DRUGA LIGA SRBIJE-GRUPA VOJVODINA 2018"]
[Site "Novi Sad"]
[Date "2018.11.13"]
[Round "6"]
[Board "1"]
[White "Varga, Zoltan"]
[Black "Budisavljevic, Luka"]
[Result "1/2-1/2"]
[WhiteElo "2444"]
[BlackElo "2344"]
[PlyCount "56"]
[EventDate "2018.11.09"]
[EventType "team"]
[EventRounds "11"]
[EventCountry "SRB"]
[WhiteTeam "S.K. BACKA-PACIR"]
[BlackTeam "S.K. VOJVODINA-NOVI SAD"]

1. e4 c5 2. Nf3 e6 3. b3 a6 4. c4 Nc6 5. Bb2 Qc7 6. g3 Nf6 7. e5 Ng4 8. Qe2 b5
9. Bh3 h5 10. cxb5 axb5 11. Nc3 Ngxe5 12. Nxb5 Nxf3+ 13. Qxf3 Qb8 14. Qe2 h4
15. Bg2 hxg3 16. fxg3 Ba6 17. a4 Bd6 18. Bxg7 Bxg3+ 19. Kd1 Rxh2 20. Rxh2 Bxh2
21. Qh5 d5 22. Bxd5 exd5 23. Qh8+ Ke7 24. Qh4+ Ke8 25. Qh8+ Ke7 26. Qh4+ Ke6
27. Qh6+ Kd7 28. Qh3+ Ke8  1/2-1/2

[Event "DRUGA LIGA SRBIJE-GRUPA VOJVODINA 2018"]
[Site "Novi Sad"]
[Date "2018.11.13"]
[Round "6"]
[Board "2"]
[White "Grujic, Zoran"]
[Black "Farkas, Tibor"]
[Result "1/2-1/2"]
[WhiteElo "2329"]
[BlackElo "2310"]
[PlyCount "25"]
[EventDate "2018.11.09"]
[EventType "team"]
[EventRounds "11"]
[EventCountry "SRB"]
[WhiteTeam "S.K. VOJVODINA-NOVI SAD"]
[BlackTeam "S.K. BACKA-PACIR"]

1. e4 c5 2. Nf3 d6 3. d4 cxd4 4. Nxd4 Nf6 5. Nc3 a6 6. f3 e6 7. Be3 b5 8. a3
Nbd7 9. Qd2 Bb7 10. g4 Nb6 11. O-O-O Rc8 12. Bd3 Nfd7 13. f4  1/2-1/2

[Event "DRUGA LIGA SRBIJE-GRUPA VOJVODINA 2018"]
[Site "Novi Sad"]
[Date "2018.11.13"]
[Round "6"]
[Board "3"]
[White "Arbutina, Sinisa"]
[Black "Savanovic, Vuk"]
[Result "1/2-1/2"]
[WhiteElo "2325"]
[BlackElo "2272"]
[PlyCount "46"]
[EventDate "2018.11.09"]
[EventType "team"]
[EventRounds "11"]
[EventCountry "SRB"]
[WhiteTeam "S.K. BACKA-PACIR"]
[BlackTeam "S.K. VOJVODINA-NOVI SAD"]

1. d4 Nf6 2. Nf3 g6 3. Bf4 Bg7 4. e3 O-O 5. Be2 d6 6. O-O b6 7. h3 Bb7 8. Re1
Nbd7 9. c4 Re8 10. Nc3 e5 11. Bh2 exd4 12. exd4 Ne4 13. Nd5 Ndf6 14. Ne3 Qd7
15. Bd3 Re7 16. Qc2 Rae8 17. Re2 h6 18. Rae1 Ng5 19. Nxg5 hxg5 20. Nf1 Rxe2 21.
Rxe2 Rxe2 22. Qxe2 Qe8 23. Qe3 Qxe3  1/2-1/2

[Event "DRUGA LIGA SRBIJE-GRUPA VOJVODINA 2018"]
[Site "Novi Sad"]
[Date "2018.11.13"]
[Round "6"]
[Board "4"]
[White "Ilincic, Aleksa"]
[Black "Ivic, Matija"]
[Result "1-0"]
[WhiteElo "2178"]
[BlackElo "2291"]
[PlyCount "125"]
[EventDate "2018.11.09"]
[EventType "team"]
[EventRounds "11"]
[EventCountry "SRB"]
[WhiteTeam "S.K. VOJVODINA-NOVI SAD"]
[BlackTeam "S.K. BACKA-PACIR"]

1. e4 d5 2. exd5 Qxd5 3. Nc3 Qd6 4. d4 Nf6 5. Nf3 a6 6. g3 Bg4 7. h3 Bh5 8. Bg2
Nc6 9. O-O O-O-O 10. Bf4 Qb4 11. g4 Bg6 12. Qe1 e6 13. a3 Qb6 14. Be3 Nd5 15.
Nxd5 exd5 16. c4 Bd3 17. cxd5 Ne7 18. Ne5 Bxf1 19. Qxf1 Rxd5 20. Nxf7 Rg8 21.
Bxd5 Nxd5 22. Qc4 c6 23. b4 Qc7 24. Ne5 Bd6 25. Bf4 Rf8 26. Bg3 Kb8 27. Re1 Ka8
28. Qd3 g6 29. Re4 Ka7 30. Qd2 Rd8 31. Re1 Rf8 32. Rb1 Qe7 33. Re1 Qc7 34. Rb1
Qe7 35. Re1 Qc7 36. Rd1 Nf6 37. Qc2 Nd5 38. Qd2 Nf6 39. Re1 Nd5 40. Kh2 Qd8 41.
f4 Qc7 42. Rf1 Nf6 43. Qd3 Nd5 44. f5 gxf5 45. Rxf5 Rxf5 46. Qxf5 a5 47. bxa5
Qxa5 48. Nxc6+ bxc6 49. Bxd6 Qd2+ 50. Kg3 Qe3+ 51. Qf3 Qxd4 52. Qf2 Qxf2+ 53.
Kxf2 Kb6 54. g5 c5 55. h4 Kc6 56. Be5 Kd7 57. Kf3 Ke6 58. Ke4 Ne7 59. a4 Nf5
60. h5 c4 61. a5 Ne7 62. a6 Nc6 63. Bc3  1-0

[Event "DRUGA LIGA SRBIJE-GRUPA VOJVODINA 2018"]
[Site "Novi Sad"]
[Date "2018.11.13"]
[Round "6"]
[Board "5"]
[White "Kecskemeti, Arpad"]
[Black "Stikovic, Dobrica"]
[Result "1-0"]
[WhiteElo "2195"]
[BlackElo "2169"]
[PlyCount "84"]
[EventDate "2018.11.09"]
[EventType "team"]
[EventRounds "11"]
[EventCountry "SRB"]
[WhiteTeam "S.K. BACKA-PACIR"]
[BlackTeam "S.K. VOJVODINA-NOVI SAD"]

1. e4 e6 2. d4 d5 3. Nc3 Bb4 4. e5 c5 5. a3 Bxc3+ 6. bxc3 Ne7 7. Qg4 Kf8 8. Bd3
Qa5 9. Bd2 Qa4 10. c4 Nbc6 11. Nf3 cxd4 12. cxd5 exd5 13. Qh5 h6 14. O-O Nd8
15. Bb4 Ne6 16. Rab1 Qd7 17. Qh4 g5 18. Qg3 Ke8 19. h4 Rg8 20. Nh2 Nf4 21. e6
fxe6 22. Ng4 Nf5 23. Qh2 Qg7 24. Bxf5 exf5 25. Rfe1+ Be6 26. Rxe6+ Nxe6 27. Re1
fxg4 28. Rxe6+ Kd8 29. Be7+ Qxe7 30. Rxe7 Kxe7 31. Qe5+ Kd7 32. Qxd5+ Kc7 33.
Qc5+ Kd7 34. Qxd4+ Kc7 35. Qe5+ Kd7 36. Qf5+ Kc7 37. Qh7+ Kb6 38. Qxh6+ Kb5 39.
hxg5 Rac8 40. Qe6 Rgd8 41. Qxg4 Rxc2 42. Qb4+ Ka6  1-0

[Event "DRUGA LIGA SRBIJE-GRUPA VOJVODINA 2018"]
[Site "Novi Sad"]
[Date "2018.11.13"]
[Round "6"]
[Board "6"]
[White "Veljkovic, Vojislav"]
[Black "Jesenski, Tibor"]
[Result "0-1"]
[WhiteElo "2159"]
[BlackElo "2290"]
[PlyCount "85"]
[EventDate "2018.11.09"]
[EventType "team"]
[EventRounds "11"]
[EventCountry "SRB"]
[WhiteTeam "S.K. VOJVODINA-NOVI SAD"]
[BlackTeam "S.K. BACKA-PACIR"]

1. e4 d6 2. d4 Nf6 3. Qd3 Nbd7 4. f4 e5 5. c3 Qe7 6. fxe5 dxe5 7. Nd2 g6 8. g3
Bg7 9. Bg2 O-O 10. d5 b6 11. b4 a5 12. Qc4 axb4 13. cxb4 b5 14. Qc3 Nxd5 15.
Qc6 N5b6 16. a3 Qd6 17. Qc2 c5 18. Ne2 cxb4 19. Nb3 bxa3 20. O-O b4 21. Rd1 Qe6
22. Nc5 Qc6 23. Be3 Na4 24. Qb3 Ndxc5 25. Qxb4 Ba6 26. Nc3 Rfb8 27. Nd5 Rxb4
28. Ne7+ Kf8 29. Nxc6 Rb6 30. Rxa3 Rxc6 31. Rc1 Rac8 32. Bh3 R8c7 33. Bg4 Ke8
34. Bd1 Nb2 35. Bf3 Ncd3 36. Rb1 Bf8 37. Rb3 Bc5 38. Bxc5 Rxc5 39. Kg2 Rc2+ 40.
Kh3 Bc8+ 41. g4 h5 42. Kg3 hxg4 43. Bd1  0-1

[Event "DRUGA LIGA SRBIJE-GRUPA VOJVODINA 2018"]
[Site "Novi Sad"]
[Date "2018.11.13"]
[Round "7"]
[Board "1"]
[White "Grigoryan, Karen H."]
[Black "Varga, Zoltan"]
[Result "1-0"]
[WhiteElo "2542"]
[BlackElo "2444"]
[PlyCount "53"]
[EventDate "2018.11.09"]
[EventType "team"]
[EventRounds "11"]
[EventCountry "SRB"]
[WhiteTeam "S.K. NAFTAGAS-ELEMIR"]
[BlackTeam "S.K. BACKA-PACIR"]

1. c4 c6 2. Nf3 d5 3. d4 dxc4 4. e3 Be6 5. a4 Nf6 6. Na3 Bd5 7. Nxc4 e6 8. Be2
Bb4+ 9. Bd2 Bxd2+ 10. Ncxd2 O-O 11. a5 Ne4 12. O-O Nd6 13. Ne5 f6 14. Nd3 Nd7
15. a6 e5 16. axb7 Nxb7 17. dxe5 fxe5 18. Rc1 e4 19. Nf4 Kh8 20. Bc4 Rf5 21.
Bxd5 cxd5 22. Nb3 Nb6 23. Nd4 Rxf4 24. Ne6 Qd6 25. Nxf4 Nc5 26. Qg4 d4 27. exd4
 1-0

[Event "DRUGA LIGA SRBIJE-GRUPA VOJVODINA 2018"]
[Site "Novi Sad"]
[Date "2018.11.13"]
[Round "7"]
[Board "2"]
[White "Farkas, Tibor"]
[Black "Ratkovic, Miloje"]
[Result "1/2-1/2"]
[WhiteElo "2310"]
[BlackElo "2403"]
[PlyCount "38"]
[EventDate "2018.11.09"]
[EventType "team"]
[EventRounds "11"]
[EventCountry "SRB"]
[WhiteTeam "S.K. BACKA-PACIR"]
[BlackTeam "S.K. NAFTAGAS-ELEMIR"]

1. e4 c6 2. d4 d5 3. f3 e5 4. dxe5 Bb4+ 5. c3 Bc5 6. b4 Bb6 7. f4 Ne7 8. Nd2
O-O 9. Ngf3 a5 10. bxa5 Bxa5 11. Qc2 Bb6 12. Bd3 h6 13. exd5 Nxd5 14. Nc4 Bc5
15. Bh7+ Kh8 16. Be4 Na6 17. Bxd5 cxd5 18. Ne3 Qb6 19. Rb1 Qa7  1/2-1/2

[Event "DRUGA LIGA SRBIJE-GRUPA VOJVODINA 2018"]
[Site "Novi Sad"]
[Date "2018.11.13"]
[Round "7"]
[Board "4"]
[White "Ivic, Matija"]
[Black "Popov, Sinisa S"]
[Result "0-1"]
[WhiteElo "2291"]
[BlackElo "2432"]
[PlyCount "54"]
[EventDate "2018.11.09"]
[EventType "team"]
[EventRounds "11"]
[EventCountry "SRB"]
[WhiteTeam "S.K. BACKA-PACIR"]
[BlackTeam "S.K. NAFTAGAS-ELEMIR"]

1. d4 Nf6 2. Nf3 e6 3. c4 Bb4+ 4. Nbd2 d5 5. e3 O-O 6. Bd3 b6 7. O-O Bb7 8.
cxd5 exd5 9. Qc2 Bd6 10. Ne5 c5 11. b3 Na6 12. a3 cxd4 13. exd4 Rc8 14. Qb1 Nc5
15. Bf5 Rc7 16. Nxf7 Rcxf7 17. dxc5 bxc5 18. Be6 Bxh2+ 19. Kh1 Bc8 20. Bxf7+
Rxf7 21. Nf3 Ng4 22. Bg5 Qd6 23. Qe1 Bd7 24. Qe2 h6 25. Bd2 d4 26. Rae1 Qg6 27.
Qe4 Qh5  0-1

[Event "DRUGA LIGA SRBIJE-GRUPA VOJVODINA 2018"]
[Site "Novi Sad"]
[Date "2018.11.13"]
[Round "7"]
[Board "5"]
[White "Bodiroga, Predrag"]
[Black "Kecskemeti, Arpad"]
[Result "1-0"]
[WhiteElo "2331"]
[BlackElo "2195"]
[PlyCount "79"]
[EventDate "2018.11.09"]
[EventType "team"]
[EventRounds "11"]
[EventCountry "SRB"]
[WhiteTeam "S.K. NAFTAGAS-ELEMIR"]
[BlackTeam "S.K. BACKA-PACIR"]

1. d4 Nf6 2. Nf3 g6 3. c4 Bg7 4. Nc3 d6 5. e4 O-O 6. h3 e5 7. dxe5 dxe5 8. Be3
c6 9. Be2 Qe7 10. O-O Nbd7 11. Qc2 Nh5 12. Rfe1 Nc5 13. Rad1 Ne6 14. c5 Nhf4
15. Bf1 g5 16. g3 Ng6 17. b4 h5 18. Nd5 cxd5 19. exd5 Nef4 20. gxf4 gxf4 21. d6
Qf6 22. d7 Bxd7 23. Rxd7 fxe3 24. Rxe3 Bh6 25. Rb3 Rfd8 26. Rxd8+ Rxd8 27. Rd3
Re8 28. Rd6 Qg7 29. Kh1 e4 30. Nd4 Bf4 31. Rd5 Qf6 32. Nf5 Qc6 33. Qd1 Qf6 34.
Qxh5 Bc7 35. Nh6+ Kg7 36. Rf5 Re5 37. Rxf6 Rxh5 38. Rxf7+ Kxh6 39. Rxc7 Rd5 40.
Bg2  1-0

[Event "DRUGA LIGA SRBIJE-GRUPA VOJVODINA 2018"]
[Site "Novi Sad"]
[Date "2018.11.13"]
[Round "7"]
[Board "6"]
[White "Marjanusic, Vladimir"]
[Black "Besedes, Danilo"]
[Result "1/2-1/2"]
[WhiteElo "2197"]
[BlackElo "2290"]
[PlyCount "29"]
[EventDate "2018.11.09"]
[EventType "team"]
[EventRounds "11"]
[EventCountry "SRB"]
[WhiteTeam "S.K. BACKA-PACIR"]
[BlackTeam "S.K. NAFTAGAS-ELEMIR"]

1. e4 e6 2. d4 d5 3. Nc3 dxe4 4. Nxe4 Bd7 5. Nf3 Bc6 6. Bd3 Nd7 7. c3 Ngf6 8.
Nxf6+ Nxf6 9. Bf4 Bd6 10. Ne5 Bxe5 11. Bxe5 Nd7 12. Qe2 Nxe5 13. Qxe5 O-O 14.
O-O Qd6 15. Rfe1  1/2-1/2

[Event "DRUGA LIGA SRBIJE-GRUPA VOJVODINA 2018"]
[Site "Novi Sad"]
[Date "2018.11.13"]
[Round "7"]
[Board "1"]
[White "Csizik, Karoly"]
[Black "Jotic, Vladimir"]
[Result "0-1"]
[WhiteElo "1932"]
[BlackElo "2369"]
[PlyCount "62"]
[EventDate "2018.11.09"]
[EventType "team"]
[EventRounds "11"]
[EventCountry "SRB"]
[WhiteTeam "S.K. SENTA-SENTA"]
[BlackTeam "S.K. POLET- RASTINA"]

1. e4 c5 2. Nf3 Nc6 3. d4 cxd4 4. Nxd4 g6 5. Nc3 Bg7 6. Be3 Nf6 7. f3 O-O 8.
Bc4 Qb6 9. Qd2 Nxe4 10. fxe4 Bxd4 11. Bxd4 Qxd4 12. Qxd4 Nxd4 13. O-O-O Nc6 14.
h4 d6 15. h5 Ne5 16. Be2 Be6 17. Rd4 Rfc8 18. Nd5 Bxd5 19. exd5 g5 20. h6 Rc5
21. Rh5 f6 22. Rh3 Rac8 23. c3 Kf7 24. Bh5+ Kf8 25. Bd1 Rc4 26. Rxc4 Rxc4 27.
Bc2 Kg8 28. g3 Rc5 29. Rh1 b5 30. Bf5 Nf7 31. Re1 Nxh6  0-1

[Event "DRUGA LIGA SRBIJE-GRUPA VOJVODINA 2018"]
[Site "Novi Sad"]
[Date "2018.11.13"]
[Round "7"]
[Board "2"]
[White "Popovic, Milos T"]
[Black "Balla, Tamas-Kristof"]
[Result "1-0"]
[WhiteElo "2375"]
[BlackElo "2318"]
[PlyCount "61"]
[EventDate "2018.11.09"]
[EventType "team"]
[EventRounds "11"]
[EventCountry "SRB"]
[WhiteTeam "S.K. POLET- RASTINA"]
[BlackTeam "S.K. SENTA-SENTA"]

1. d4 Nf6 2. Bg5 e6 3. e4 h6 4. Bxf6 Qxf6 5. Nf3 b6 6. Nc3 Bb4 7. Qd2 Bb7 8.
Bd3 c5 9. a3 Bxc3 10. Qxc3 cxd4 11. Qc7 Bc6 12. b4 Qd8 13. Qd6 Qe7 14. Qg3 Kf8
15. Nxd4 d6 16. O-O Bb7 17. Nb5 e5 18. Rad1 a6 19. Nxd6 Qxd6 20. Bxa6 Qc7 21.
Bxb7 Ra7 22. Bd5 Nd7 23. f4 exf4 24. Rxf4 Ne5 25. Rf5 f6 26. Bb3 Rxa3 27. Rxe5
fxe5 28. Qf3+ Ke8 29. Qh5+ Kf8 30. Qf5+ Ke8 31. Qg6+  1-0

[Event "DRUGA LIGA SRBIJE-GRUPA VOJVODINA 2018"]
[Site "Novi Sad"]
[Date "2018.11.13"]
[Round "7"]
[Board "3"]
[White "Kopasz, Robert"]
[Black "Sljukic, Miodrag"]
[Result "1-0"]
[WhiteElo "2320"]
[BlackElo "2206"]
[PlyCount "93"]
[EventDate "2018.11.09"]
[EventType "team"]
[EventRounds "11"]
[EventCountry "SRB"]
[WhiteTeam "S.K. SENTA-SENTA"]
[BlackTeam "S.K. POLET- RASTINA"]

1. c4 e5 2. Nc3 Nf6 3. g3 d5 4. Bg2 dxc4 5. Qa4+ c6 6. Qxc4 Be6 7. Qa4 Bd6 8.
Nf3 O-O 9. O-O h6 10. d4 Nbd7 11. Rd1 Qe7 12. Qc2 Rfe8 13. dxe5 Nxe5 14. Nd4
Rad8 15. Nxe6 Qxe6 16. Bd2 Nc4 17. Be1 Be5 18. Rac1 Nb6 19. e3 Nbd5 20. Nxd5
Nxd5 21. Rd3 Nf6 22. b3 Bc7 23. Rcd1 Rxd3 24. Rxd3 Rd8 25. Rxd8+ Bxd8 26. Qd3
Bb6 27. Bc3 Nd5 28. Bb2 Bc5 29. a3 Be7 30. b4 a6 31. Bd4 Bf6 32. Bc5 Nc3 33.
Bf3 Qa2 34. Qd7 Qe6 35. Qxb7 Ne4 36. Qxa6 Bb2 37. a4 g5 38. Qe2 Bg7 39. Bxe4
Qxe4 40. a5 g4 41. a6 Qb1+ 42. Qf1 Qa2 43. a7 h5 44. h3 Bf8 45. Bb6 Bxb4 46.
hxg4 hxg4 47. Qd1  1-0

[Event "DRUGA LIGA SRBIJE-GRUPA VOJVODINA 2018"]
[Site "Novi Sad"]
[Date "2018.11.13"]
[Round "7"]
[Board "4"]
[White "Elez, Nikola"]
[Black "Simonyi, Zoltan"]
[Result "1-0"]
[WhiteElo "2120"]
[BlackElo "2208"]
[PlyCount "79"]
[EventDate "2018.11.09"]
[EventType "team"]
[EventRounds "11"]
[EventCountry "SRB"]
[WhiteTeam "S.K. POLET- RASTINA"]
[BlackTeam "S.K. SENTA-SENTA"]

1. e4 e5 2. Nf3 Nc6 3. Bc4 Be7 4. d3 Nf6 5. c3 d6 6. Nbd2 O-O 7. Bb3 h6 8. Nf1
d5 9. exd5 Nxd5 10. Ng3 Be6 11. O-O Re8 12. Re1 Bd6 13. d4 exd4 14. Nxd4 Nxd4
15. Qxd4 c6 16. Nh5 Bf8 17. Bxh6 Nf6 18. Nxf6+ Qxf6 19. Qxf6 gxf6 20. Bxf8 Kxf8
21. Kf1 Re7 22. Rad1 Rae8 23. f3 Kg7 24. Kf2 Kg6 25. Rd6 Kg7 26. h4 Kf8 27.
Bxe6 fxe6 28. g4 Kf7 29. f4 Rh8 30. Kg3 Rg8 31. Red1 Kg7 32. Rd7 Kf7 33. R1d2
Rh8 34. g5 Rh7 35. Kg4 f5+ 36. Kg3 Kg6 37. Rxe7 Rxe7 38. Rd6 a6 39. a4 Kh5 40.
Rd8  1-0

[Event "DRUGA LIGA SRBIJE-GRUPA VOJVODINA 2018"]
[Site "Novi Sad"]
[Date "2018.11.13"]
[Round "7"]
[Board "5"]
[White "Vranic, Ljubomir"]
[Black "Ivancevic, Bozidar"]
[Result "1-0"]
[WhiteElo "2227"]
[BlackElo "2090"]
[PlyCount "81"]
[EventDate "2018.11.09"]
[EventType "team"]
[EventRounds "11"]
[EventCountry "SRB"]
[WhiteTeam "S.K. SENTA-SENTA"]
[BlackTeam "S.K. POLET- RASTINA"]

1. d4 Nf6 2. c4 c5 3. Nf3 cxd4 4. Nxd4 Nc6 5. Nc3 Nxd4 6. Qxd4 b6 7. e4 d6 8.
Bg5 Ba6 9. Be2 Rc8 10. b3 e6 11. O-O Be7 12. Rfd1 Qc7 13. Rac1 Qc5 14. Qd2 Ng4
15. Be3 Nxe3 16. Qxe3 Qxe3 17. fxe3 O-O 18. Bf3 Rfd8 19. a4 Kf8 20. Kf2 Bf6 21.
Ne2 Be5 22. Rd2 Ke7 23. Ra2 Rc7 24. Rd1 h6 25. h3 g6 26. Nc1 h5 27. Nd3 h4 28.
a5 b5 29. Nb4 Bb7 30. cxb5 Rc3 31. Rd3 Rc1 32. Rc2 Bg3+ 33. Ke2 Re1+ 34. Kd2
Ra1 35. a6 Be1+ 36. Ke2 Bxb4 37. Rc7+ Ke8 38. axb7 Ra5 39. b6 Ra2+ 40. Kd1 Ra1+
41. Kc2  1-0

[Event "DRUGA LIGA SRBIJE-GRUPA VOJVODINA 2018"]
[Site "Novi Sad"]
[Date "2018.11.13"]
[Round "7"]
[Board "1"]
[White "Obodchuk, Andrei"]
[Black "Petakov, Uros"]
[Result "1/2-1/2"]
[WhiteElo "2319"]
[BlackElo "2325"]
[PlyCount "35"]
[EventDate "2018.11.09"]
[EventType "team"]
[EventRounds "11"]
[EventCountry "SRB"]
[WhiteTeam "S.K. BUDUCNOST-SRPSKA CRNJA"]
[BlackTeam "S.K. STARA PAZOVA-STARA PAZOVA"]

1. e4 g6 2. d4 Bg7 3. Nc3 c6 4. Nf3 d6 5. Be3 Nf6 6. h3 b5 7. Bd3 Qc7 8. O-O b4
9. Ne2 c5 10. dxc5 dxc5 11. e5 Nfd7 12. e6 fxe6 13. Be4 Bb7 14. Bxb7 Qxb7 15.
Ng5 Qd5 16. Qxd5 exd5 17. Ne6 Be5 18. Bf4  1/2-1/2

[Event "DRUGA LIGA SRBIJE-GRUPA VOJVODINA 2018"]
[Site "Novi Sad"]
[Date "2018.11.13"]
[Round "7"]
[Board "2"]
[White "Vujadinovic, Goran"]
[Black "Nadj Hedjesi, Balind"]
[Result "1-0"]
[WhiteElo "2318"]
[BlackElo "2276"]
[PlyCount "141"]
[EventDate "2018.11.09"]
[EventType "team"]
[EventRounds "11"]
[EventCountry "SRB"]
[WhiteTeam "S.K. STARA PAZOVA-STARA PAZOVA"]
[BlackTeam "S.K. BUDUCNOST-SRPSKA CRNJA"]

1. Nf3 g6 2. e4 Bg7 3. d4 d6 4. Bc4 c6 5. Bb3 a5 6. a4 Nf6 7. Nbd2 O-O 8. O-O
Na6 9. c3 Qc7 10. e5 dxe5 11. Nxe5 Bf5 12. g4 Bd7 13. Qf3 Nd5 14. Re1 Rad8 15.
Ndc4 Bc8 16. h4 f6 17. Nd3 e5 18. dxe5 fxe5 19. Qg3 e4 20. Qxc7 Ndxc7 21. Nxa5+
Kh8 22. Nf4 Nc5 23. Be3 Nxb3 24. Nxb3 Bxg4 25. Bb6 Rc8 26. Bxc7 Rxc7 27. Rxe4
Bf3 28. Rb4 c5 29. Rc4 Rcf7 30. Ne6 Bd5 31. Nxf8 Bxc4 32. Na5 Bd5 33. c4 Bf3
34. Ne6 Bxb2 35. Rb1 Bf6 36. Ng5 Bxg5 37. hxg5 Rf5 38. Rb3 Rxg5+ 39. Kh2 Bd1
40. Rxb7 Rf5 41. Kg3 Bxa4 42. Rc7 Kg8 43. Nb7 Bb3 44. Nd6 Rh5 45. f4 Kf8 46.
Rf7+ Kg8 47. Rb7 Bc2 48. Rc7 Bd3 49. Kf3 Kf8 50. Ke3 Rh3+ 51. Kd2 h5 52. Rxc5
Ke7 53. Rd5 Bf1 54. c5 Bg2 55. Rg5 Rh2 56. Ke3 Kf6 57. Nc4 Bh3 58. c6 Be6 59.
c7 h4 60. Re5 Bg4 61. f5 Re2+ 62. Kd4 Rxe5 63. c8=Q Rxf5 64. Qd8+ Kg7 65. Qe7+
Kh6 66. Qxh4+ Bh5 67. Nd6 Rf3 68. Qe7 g5 69. Ne4 Rf5 70. Nf6 Bg6 71. Qf8#  1-0

[Event "DRUGA LIGA SRBIJE-GRUPA VOJVODINA 2018"]
[Site "Novi Sad"]
[Date "2018.11.13"]
[Round "7"]
[Board "3"]
[White "Rikalovic, Dimitrije"]
[Black "Stanojevic, Branko"]
[Result "1/2-1/2"]
[WhiteElo "2031"]
[BlackElo "2180"]
[PlyCount "24"]
[EventDate "2018.11.09"]
[EventType "team"]
[EventRounds "11"]
[EventCountry "SRB"]
[WhiteTeam "S.K. BUDUCNOST-SRPSKA CRNJA"]
[BlackTeam "S.K. STARA PAZOVA-STARA PAZOVA"]

1. d4 Nf6 2. c4 c5 3. d5 b5 4. Qc2 bxc4 5. e4 e6 6. Bxc4 exd5 7. exd5 Be7 8.
Nc3 O-O 9. Nf3 Ba6 10. Qd3 Bxc4 11. Qxc4 d6 12. O-O Nbd7  1/2-1/2

[Event "DRUGA LIGA SRBIJE-GRUPA VOJVODINA 2018"]
[Site "Novi Sad"]
[Date "2018.11.13"]
[Round "7"]
[Board "4"]
[White "Mijatovic, Dejan"]
[Black "Adamovic, Sasa"]
[Result "1-0"]
[WhiteElo "2255"]
[BlackElo "1904"]
[PlyCount "57"]
[EventDate "2018.11.09"]
[EventType "team"]
[EventRounds "11"]
[EventCountry "SRB"]
[WhiteTeam "S.K. STARA PAZOVA-STARA PAZOVA"]
[BlackTeam "S.K. BUDUCNOST-SRPSKA CRNJA"]

1. d4 Nf6 2. c4 e6 3. Nc3 d5 4. Bg5 Nbd7 5. e3 c6 6. cxd5 exd5 7. Bd3 Qa5 8.
Qc2 Bb4 9. Nge2 O-O 10. O-O Re8 11. a3 Bd6 12. b4 Qc7 13. Bf4 a6 14. a4 Nf8 15.
b5 Ne6 16. Bg3 c5 17. dxc5 Bxg3 18. Nxg3 Nxc5 19. Nce2 Bg4 20. Rfc1 Rac8 21.
Bf5 Bxf5 22. Qxf5 Qd7 23. Nd4 Ne6 24. Nge2 Qd6 25. h3 Ne4 26. Rxc8 Rxc8 27. Nf4
g6 28. Qxd5 N6c5 29. f3  1-0

[Event "DRUGA LIGA SRBIJE-GRUPA VOJVODINA 2018"]
[Site "Novi Sad"]
[Date "2018.11.13"]
[Round "7"]
[Board "5"]
[White "Sukovic, Srdjan"]
[Black "Kovacevic, Djordje"]
[Result "0-1"]
[WhiteElo "2015"]
[BlackElo "2090"]
[PlyCount "98"]
[EventDate "2018.11.09"]
[EventType "team"]
[EventRounds "11"]
[EventCountry "SRB"]
[WhiteTeam "S.K. BUDUCNOST-SRPSKA CRNJA"]
[BlackTeam "S.K. STARA PAZOVA-STARA PAZOVA"]

1. e4 Nf6 2. e5 Nd5 3. d4 d6 4. c4 Nb6 5. exd6 cxd6 6. Nc3 g6 7. Be3 Bg7 8. Rc1
O-O 9. b3 Nc6 10. Nf3 Bg4 11. Be2 d5 12. c5 Nc8 13. O-O e6 14. a3 N8e7 15. Nh4
Bxe2 16. Nxe2 Bf6 17. Nf3 Nf5 18. b4 a6 19. Qd2 Nxe3 20. fxe3 Bg7 21. a4 Bh6
22. Qc3 Ne7 23. Ng3 Qd7 24. Ra1 f6 25. Qd3 Bg7 26. e4 dxe4 27. Nxe4 Nc6 28. Qc3
Rfd8 29. Rad1 Ne7 30. Nd6 Qxa4 31. Nxb7 Rdb8 32. Nd6 Qxb4 33. Qe3 Qb3 34. Rd3
Qd5 35. Re1 Nc6 36. Qxe6+ Qxe6 37. Rxe6 Nb4 38. Rd1 Nd5 39. Nd2 a5 40. N6c4 a4
41. Rd6 Nc3 42. Ra1 f5 43. Nf3 Rd8 44. c6 Ne2+ 45. Kf1 Nxd4 46. Nxd4 Rxd6 47.
Nxd6 Bxd4 48. Rb1 Be5 49. c7 Bxd6  0-1

[Event "DRUGA LIGA SRBIJE-GRUPA VOJVODINA 2018"]
[Site "Novi Sad"]
[Date "2018.11.13"]
[Round "7"]
[Board "6"]
[White "Skoko, Milan"]
[Black "Kovacevic, Goran D"]
[Result "1/2-1/2"]
[WhiteElo "2164"]
[BlackElo "2140"]
[PlyCount "130"]
[EventDate "2018.11.09"]
[EventType "team"]
[EventRounds "11"]
[EventCountry "SRB"]
[WhiteTeam "S.K. STARA PAZOVA-STARA PAZOVA"]
[BlackTeam "S.K. BUDUCNOST-SRPSKA CRNJA"]

1. e4 c5 2. c3 d5 3. exd5 Qxd5 4. d4 cxd4 5. cxd4 Nc6 6. Nf3 e5 7. Nc3 Bb4 8.
Bd2 Bxc3 9. Bxc3 Bg4 10. Be2 e4 11. Ne5 Bxe2 12. Qxe2 Nge7 13. O-O O-O 14. Rad1
f6 15. Nxc6 Nxc6 16. b3 f5 17. f3 Rae8 18. fxe4 Rxe4 19. Qc4 Rd8 20. Rxf5 Qxc4
21. bxc4 Nxd4 22. Bxd4 Rexd4 23. Rxd4 Rxd4 24. Rc5 Rd7 25. Kf2 Kf7 26. Ke3 Ke7
27. Ke4 b6 28. Rd5 Rc7 29. Kd4 Rc6 30. Re5+ Kd7 31. Rd5+ Ke7 32. Re5+ Kd7 33.
Rg5 g6 34. h4 Ke6 35. Re5+ Kf6 36. Rd5 h5 37. a4 Ke7 38. a5 Rf6 39. axb6 axb6
40. g3 Rc6 41. Kc3 Rf6 42. Kb4 Rf3 43. Rg5 Rf6 44. Kb5 Kd7 45. g4 hxg4 46. Rxg4
Kc7 47. Rg5 Kb7 48. Re5 Kc7 49. Re7+ Kc8 50. Rg7 Re6 51. Rh7 Rf6 52. Kb4 Rc6
53. Rf7 Re6 54. Kb5 Rd6 55. Rh7 Rf6 56. h5 gxh5 57. Rxh5 Kb7 58. Rh7+ Kb8 59.
Ka6 Kc8 60. Kb5 Kb8 61. Kb4 Rc6 62. Kb5 Rg6 63. Ka6 Kc8 64. Ra7 Rf6 65. Ra8+
Kc7  1/2-1/2